000 00506nam a22001577a 4500
999 _c9190
_d9190
008 210326b ||||| |||| 00| 0 eng d
040 _aBMS College of Architecture
100 _aShetty, jeevan, Adithi
245 _aFive star hotel (Business) At Yeshwanthpur Bangalore
300 _aNA
500 _a1BM03AT001
502 _8B.Arach
_NBMS College of Architecture, Visvesvaraya Technological University
_aProject report
_d2007
650 _aYeshwanthpur
700 _aSatish Rao
_eGuide
942 _2ddc
_cTHE